[Event "Voronezh Region-ch"]
[Site "Voronezh"]
[Date "2018.11.25"]
[Round "3"]
[White "Sergienko, Sergey"]
[Black "Sobina, Pavel"]
[Result "1-0"]
[WhiteElo "2325"]
[BlackElo "2128"]
[PlyCount "99"]
[EventDate "2018.11.23"]
[EventType "swiss"]
[EventRounds "9"]
[EventCountry "RUS"]
[SourceTitle "CBM 188 Extra"]
[Source "ChessBase"]
[SourceDate "2019.02.26"]
[SourceVersion "1"]
[SourceVersionDate "2019.02.26"]
[SourceQuality "1"]

1. Nf3 Nf6 2. c4 d6 3. d4 g6 4. g3 Bg7 5. Bg2 0-0 6. 0-0 Nc6 7. h3 a6 8. Nc3 Rb8 9. Be3 b5 10. Nd2 Na5 11. cxb5 axb5 12. b4 Nc4 13. Nxc4 bxc4 14. b5 Bb7 15. d5 e6 16. Rb1 Qc8 17. Kh2 Ra8 18. Rb4 Nxd5 19. Nxd5 exd5 20. Bxd5 c3 21. a4 Re8 22. Rc4 Bxd5 23. Qxd5 Qe6 24. Rd1 Ra5 25. Rxc7 Qxd5 26. Rxd5 Rxa4 27. b6 Rb4 28. b7 c2 29. Ra5 Rxb7 30. Rxb7 Rxe3 31. Ra8+ Bf8 32. Rc8 Rxe2 33. Kg2 Kg7 34. Rbc7 Be7 35. Rxc2 Re6 36. R8c7 Kf6 37. Kf3 Re5 38. Rd7 h5 39. Rcc7 Re1 40. Kg2 Re2 41. Kf1 Re6 42. f4 Re3 43. Kf2 Re6 44. g4 hxg4 45. hxg4 Re4 46. Kf3 Re1 47. g5+ Kf5 48. Rxe7 Rf1+ 49. Kg3 Rg1+ 50. Kf2 1-0

[Event "Voronezh Region-ch"]
[Site "Voronezh"]
[Date "2018.11.24"]
[Round "2"]
[White "Sobina, Pavel"]
[Black "Rudakov, Sergey S"]
[Result "1-0"]
[WhiteElo "2128"]
[BlackElo "1850"]
[PlyCount "85"]
[EventDate "2018.11.23"]
[EventType "swiss"]
[EventRounds "9"]
[EventCountry "RUS"]
[SourceTitle "CBM 188 Extra"]
[Source "ChessBase"]
[SourceDate "2019.02.26"]
[SourceVersion "1"]
[SourceVersionDate "2019.02.26"]
[SourceQuality "1"]

1. d4 Nf6 2. c4 g6 3. Nc3 Bg7 4. e4 d6 5. f3 Nbd7 6. Be3 e5 7. Nge2 0-0 8. Qd2 Ne8 9. 0-0-0 a6 10. Kb1 f5 11. exf5 gxf5 12. dxe5 Nxe5 13. Nf4 Nf6 14. c5 Ne8 15. Nh5 Be6 16. Nxg7 Nxg7 17. cxd6 cxd6 18. Qxd6 Qe8 19. Nd5 Bxd5 20. Qxd5+ Kh8 21. Bf4 Ng6 22. Bh6 Qe7 23. Bd3 Rad8 24. Qa5 Qf6 25. f4 Qf7 26. Bc2 Rc8 27. Bb3 Qc7 28. Qxc7 Rxc7 29. Rc1 Rd7 30. Rhd1 Re7 31. g3 Rfe8 32. Bg5 Re2 33. Bf6 Rf8 34. Bc3 Rfe8 35. Bf7 Rf8 36. Bxg6 hxg6 37. Rd7 Rg8 38. Be5 Rxh2 39. Rcc7 Rh7 40. Rxb7 a5 41. a4 Rh1+ 42. Ka2 Rh7 43. Ra7 1-0

[Event "Voronezh Region-ch"]
[Site "Voronezh"]
[Date "2018.11.23"]
[Round "1"]
[White "Rodin, Dmitrij"]
[Black "Sobina, Pavel"]
[Result "1-0"]
[WhiteElo "2376"]
[BlackElo "2128"]
[PlyCount "85"]
[EventDate "2018.11.23"]
[EventType "swiss"]
[EventRounds "9"]
[EventCountry "RUS"]
[SourceTitle "CBM 188 Extra"]
[Source "ChessBase"]
[SourceDate "2019.02.26"]
[SourceVersion "1"]
[SourceVersionDate "2019.02.26"]
[SourceQuality "1"]

1. e4 c5 2. Nf3 d6 3. d4 cxd4 4. Nxd4 Nf6 5. Nc3 a6 6. f4 e5 7. Nf3 Nbd7 8. a4 Qc7 9. Bd3 Be7 10. 0-0 0-0 11. Kh1 Re8 12. Qe1 exf4 13. Bxf4 Ne5 14. Bg5 Be6 15. Nd4 Nfg4 16. Bxe7 Qxe7 17. Nf5 Qg5 18. Qg3 Bxf5 19. Rxf5 Qh6 20. Nd5 Rac8 21. Raf1 Rc5 22. R5f4 Qg6 23. h3 Nh6 24. Qh4 Kf8 25. R4f2 Ng8 26. b4 Rcc8 27. Rf5 h6 28. Qf2 Re7 29. Nf4 Qh7 30. Qb6 g6 31. Rxe5 dxe5 32. Nxg6+ Ke8 33. Nxe7 Nxe7 34. Qxb7 Qg6 35. b5 axb5 36. Qxb5+ Nc6 37. Bc4 Qxe4 38. Bxf7+ Kd8 39. Bd5 Qxc2 40. Bxc6 Qxc6 41. Qxe5 Rc7 42. Rf8+ Kd7 43. Rf7+ 1-0

[Event "Voronezh op-B 22nd"]
[Site "Voronezh"]
[Date "2018.06.18"]
[Round "7"]
[White "Sobina, Pavel"]
[Black "Mikhnenko, Alexander"]
[Result "0-1"]
[WhiteElo "2199"]
[BlackElo "1945"]
[PlyCount "126"]
[EventDate "2018.06.12"]
[EventType "swiss"]
[EventRounds "9"]
[EventCountry "RUS"]
[SourceTitle "CBM 185 Extra"]
[Source "ChessBase"]
[SourceDate "2018.07.29"]
[SourceVersion "1"]
[SourceVersionDate "2018.07.29"]
[SourceQuality "1"]

1. e4 c6 2. d4 d5 3. e5 Bf5 4. Nc3 h5 5. Bd3 Bxd3 6. Qxd3 e6 7. Nf3 Nh6 8. Bg5 Be7 9. Bxe7 Qxe7 10. 0-0-0 Nd7 11. h3 0-0-0 12. Rhg1 Nf5 13. g4 hxg4 14. hxg4 Nh4 15. g5 Nf8 16. Ne2 Nfg6 17. Kb1 Nf5 18. Rh1 Kb8 19. Ng3 Nxg3 20. fxg3 Rdg8 21. c3 Qd8 22. Qd2 Rxh1 23. Rxh1 Rh8 24. Rh2 Rxh2 25. Qxh2 Qh8 26. Qxh8+ Nxh8 27. Kc2 Kc7 28. Kd3 Kd7 29. c4 Ng6 30. c5 Ne7 31. Nh4 g6 32. g4 Kc7 33. Kc3 b6 34. Ng2 Nc8 35. Nf4 a5 36. cxb6+ Nxb6 37. b3 Nd7 38. Nd3 Kb6 39. Nf4 c5 40. Nd3 cxd4+ 41. Kxd4 Nb8 42. Kc3 Na6 43. Nf2 Nc5 44. b4 axb4+ 45. Kxb4 Na6+ 46. Kc3 Kb5 47. Nd3 Nc5 48. Nf2 Ka4 49. Kd4 Kb4 50. Nd1 Ne4 51. Ne3 Nxg5 52. Nc2+ Kb5 53. Ke3 Ne4 54. Nd4+ Kc5 55. Nb3+ Kc4 56. Na5+ Kc3 57. Nc6 Nd2 58. a4 Nc4+ 59. Kf4 d4 60. a5 d3 61. a6 d2 62. a7 Nb6 63. Kg5 d1Q 0-1

[Event "Voronezh op-B 22nd"]
[Site "Voronezh"]
[Date "2018.06.13"]
[Round "2"]
[White "Yudin, Sergei"]
[Black "Sobina, Pavel"]
[Result "0-1"]
[WhiteElo "1699"]
[BlackElo "2199"]
[PlyCount "58"]
[EventDate "2018.06.12"]
[EventType "swiss"]
[EventRounds "9"]
[EventCountry "RUS"]
[SourceTitle "CBM 185 Extra"]
[Source "ChessBase"]
[SourceDate "2018.07.29"]
[SourceVersion "1"]
[SourceVersionDate "2018.07.29"]
[SourceQuality "1"]

1. d4 Nf6 2. Bf4 g6 3. e3 Bg7 4. Nf3 0-0 5. Be2 d5 6. 0-0 Nbd7 7. h3 c5 8. c3 b6 9. Nbd2 Bb7 10. Bh2 Ne4 11. Nxe4 dxe4 12. Nd2 e5 13. Nc4 cxd4 14. cxd4 exd4 15. exd4 Bd5 16. Ne3 Nf6 17. Be5 Bb7 18. Rc1 Nd5 19. Bxg7 Kxg7 20. Qb3 Nf4 21. Bc4 Rc8 22. Rfd1 Qg5 23. Kh2 Rfd8 24. Rd2 Rxc4 25. Qxc4 Nxg2 26. Rg1 Nxe3 27. Qc7 Nd5 28. Rxg5 Nxc7 29. Re5 Rd7 0-1

[Event "Voronezh Region-ch"]
[Site "Voronezh"]
[Date "2017.12.16"]
[Round "4"]
[White "Klimentov, Roman"]
[Black "Sobina, Pavel"]
[Result "1-0"]
[WhiteElo "2195"]
[BlackElo "2294"]
[PlyCount "79"]
[EventDate "2017.12.12"]
[EventType "swiss"]
[EventRounds "9"]
[EventCountry "RUS"]
[SourceTitle "CBM 182 Extra"]
[Source "ChessBase"]
[SourceDate "2018.02.23"]
[SourceVersion "1"]
[SourceVersionDate "2018.02.23"]
[SourceQuality "1"]

1. e4 e6 2. d4 d5 3. Nd2 c5 4. Ngf3 Nf6 5. exd5 exd5 6. Bb5+ Bd7 7. Bxd7+ Nbxd7 8. 0-0 Be7 9. dxc5 Nxc5 10. Nb3 Nce4 11. Nfd4 0-0 12. Nf5 Re8 13. Nxe7+ Rxe7 14. Be3 b6 15. Bd4 Qd6 16. f3 Nc5 17. Qd2 Rae8 18. Rae1 Nfd7 19. Rxe7 Rxe7 20. Re1 Rxe1+ 21. Qxe1 Ne6 22. Bf2 Ndc5 23. Nd4 Qf4 24. b4 Na4 25. Nxe6 fxe6 26. Qxe6+ Kf8 27. h3 Qf7 28. Qc8+ Qe8 29. Qxe8+ Kxe8 30. Bd4 g6 31. Kf2 Kd7 32. Ke3 Kc6 33. f4 h5 34. g4 hxg4 35. hxg4 Kb5 36. f5 gxf5 37. gxf5 Kxb4 38. f6 Ka3 39. f7 Kxa2 40. f8Q 1-0

[Event "Voronezh Region-ch"]
[Site "Voronezh"]
[Date "2017.12.15"]
[Round "3"]
[White "Sobina, Pavel"]
[Black "Sakorenko, Adriana"]
[Result "1/2-1/2"]
[WhiteElo "2294"]
[BlackElo "2101"]
[PlyCount "106"]
[EventDate "2017.12.12"]
[EventType "swiss"]
[EventRounds "9"]
[EventCountry "RUS"]
[SourceTitle "CBM 182 Extra"]
[Source "ChessBase"]
[SourceDate "2018.02.23"]
[SourceVersion "1"]
[SourceVersionDate "2018.02.23"]
[SourceQuality "1"]

1. d4 d5 2. Bf4 e6 3. e3 Nf6 4. Bd3 Be7 5. h3 Bd6 6. Bxd6 Qxd6 7. c3 0-0 8. Nf3 b6 9. Nbd2 Ba6 10. Bxa6 Nxa6 11. Qe2 Nb8 12. e4 dxe4 13. Nxe4 Nxe4 14. Qxe4 Nd7 15. 0-0 Nf6 16. Qb7 a5 17. Ne5 Nd5 18. Qc6 Qxc6 19. Nxc6 Rfe8 20. Rfe1 Ne7 21. Ne5 f6 22. Nd3 Kf7 23. f4 h5 24. g4 hxg4 25. hxg4 Rh8 26. Kg2 Rh4 27. Kg3 Rah8 28. Nf2 Rh2 29. Rh1 Rxh1 30. Nxh1 Nc8 31. Nf2 Nd6 32. Rc1 Nb7 33. Ne4 Rd8 34. Kf3 Rh8 35. Nf2 c5 36. Rd1 Ke7 37. d5 Rd8 38. c4 exd5 39. cxd5 Kd7 40. Rh1 Re8 41. Rh7 Re7 42. Ne4 Nd6 43. Ng3 a4 44. Rh2 Re8 45. Nh5 Re7 46. f5 Nb5 47. g5 Nd4+ 48. Kg4 Re4+ 49. Kg3 Re3+ 50. Kg4 Re4+ 51. Kg3 Re3+ 52. Kg4 Re4+ 53. Kg3 Re3+ 1/2-1/2

[Event "Voronezh Region-ch"]
[Site "Voronezh"]
[Date "2017.12.14"]
[Round "2"]
[White "Tatarintsev, Egor"]
[Black "Sobina, Pavel"]
[Result "1/2-1/2"]
[WhiteElo "2125"]
[BlackElo "2294"]
[PlyCount "74"]
[EventDate "2017.12.12"]
[EventType "swiss"]
[EventRounds "9"]
[EventCountry "RUS"]
[SourceTitle "CBM 182 Extra"]
[Source "ChessBase"]
[SourceDate "2018.02.23"]
[SourceVersion "1"]
[SourceVersionDate "2018.02.23"]
[SourceQuality "1"]

1. d4 Nf6 2. c4 g6 3. Nc3 Bg7 4. e4 d6 5. f4 0-0 6. Nf3 c5 7. d5 e6 8. Be2 exd5 9. cxd5 Re8 10. e5 dxe5 11. fxe5 Ng4 12. e6 fxe6 13. d6 Nc6 14. 0-0 Bd7 15. Ne4 Rf8 16. Kh1 Qb6 17. Bg5 Qb4 18. Qc2 b6 19. Rab1 Qa5 20. a3 Bh6 21. Bxh6 Nxh6 22. b4 Qxa3 23. bxc5 Nf5 24. Rb3 Qa4 25. Bb5 Nfd4 26. Bxa4 Nxc2 27. Rc1 Rf4 28. Rxc2 Rxe4 29. Bxc6 Bxc6 30. cxb6 axb6 31. Rxc6 Ra1+ 32. Ng1 Ree1 33. h3 Rxg1+ 34. Kh2 Rgf1 35. Rbxb6 Ra8 36. Kg3 Rd8 37. h4 Kf7 1/2-1/2

[Event "Voronezh op-A 21st"]
[Site "Voronezh"]
[Date "2017.06.15"]
[Round "4"]
[White "Murtazin, Bulat"]
[Black "Sobina, Pavel"]
[Result "0-1"]
[WhiteElo "2403"]
[BlackElo "2250"]
[PlyCount "82"]
[EventDate "2017.06.12"]
[EventType "swiss"]
[EventRounds "9"]
[EventCountry "RUS"]
[SourceTitle "EXT 2018"]
[Source "ChessBase"]
[SourceDate "2017.10.13"]
[SourceVersion "1"]
[SourceVersionDate "2017.10.13"]
[SourceQuality "1"]

1. d4 Nf6 2. c4 g6 3. f3 Bg7 4. e4 d6 5. Ne2 0-0 6. Be3 e5 7. Qd2 Nc6 8. d5 Ne7 9. Nbc3 Nd7 10. Nc1 f5 11. Nd3 Nf6 12. Be2 f4 13. Bf2 g5 14. c5 h5 15. cxd6 cxd6 16. Rc1 Bd7 17. Nb1 a5 18. Qc3 Nfxd5 19. Qb3 a4 20. Qa3 Ne3 21. Bxe3 fxe3 22. Qxd6 Ra6 23. Qc5 Rc6 24. Qxe3 Rxc1+ 25. Nxc1 Nc6 26. 0-0 Nd4 27. Bc4+ Kh7 28. Ne2 b5 29. Bd5 Qf6 30. Nxd4 exd4 31. Qd3 Kh8 32. Na3 h4 33. Nc2 Qf4 34. Nxd4 Be5 35. g3 hxg3 36. Ne2 gxh2+ 37. Kh1 Qh4 38. f4 Bh3 39. Rd1 gxf4 40. Nd4 Qg3 41. Qf3 Bg4 0-1

[Event "Voronezh op-A 21st"]
[Site "Voronezh"]
[Date "2017.06.13"]
[Round "2"]
[White "Zaika, Daniil"]
[Black "Sobina, Pavel"]
[Result "1/2-1/2"]
[WhiteElo "2093"]
[BlackElo "2250"]
[PlyCount "125"]
[EventDate "2017.06.12"]
[EventType "swiss"]
[EventRounds "9"]
[EventCountry "RUS"]
[SourceTitle "EXT 2018"]
[Source "ChessBase"]
[SourceDate "2017.10.13"]
[SourceVersion "1"]
[SourceVersionDate "2017.10.13"]
[SourceQuality "1"]

1. d4 Nf6 2. c4 g6 3. Nc3 Bg7 4. e4 d6 5. Be2 0-0 6. Nf3 e5 7. Be3 Nc6 8. d5 Ne7 9. Nd2 Ne8 10. c5 f5 11. f3 Kh8 12. Nc4 Ng8 13. cxd6 cxd6 14. exf5 Bxf5 15. 0-0 g5 16. Qd2 h6 17. g4 Bh7 18. Bd3 Ngf6 19. Bxh7 Kxh7 20. Qd3+ Kh8 21. Ne2 b5 22. Na3 b4 23. Nc2 Qa5 24. a3 Qxd5 25. Nxb4 Qxd3 26. Nxd3 Nd5 27. Bd2 Nec7 28. Ng3 Ne6 29. Nf5 Nd4 30. Nxd4 exd4 31. Rac1 Ne3 32. Rf2 Rac8 33. Rxc8 Rxc8 34. Bb4 Be5 35. Re2 Kg7 36. Be1 Rf8 37. Nxe5 dxe5 38. Bg3 Kf6 39. Bf2 Nd5 40. Bg3 Ne3 41. Bf2 Nc4 42. Rc2 Rc8 43. b3 Nb6 44. Rxc8 Nxc8 45. Kf1 Ne7 46. Ke2 Ke6 47. h4 Kd5 48. hxg5 hxg5 49. Be1 e4 50. fxe4+ Kxe4 51. Bd2 Nc6 52. Bxg5 Ne5 53. b4 d3+ 54. Kd1 Nxg4 55. b5 Kd4 56. a4 Nf2+ 57. Ke1 Ne4 58. Bd2 Nd6 59. Bb4 Nc8 60. a5 Kc4 61. b6 axb6 62. axb6 Nxb6 63. Bd2 1/2-1/2

[Event "Voronezh op-A 21st"]
[Site "Voronezh"]
[Date "2017.06.12"]
[Round "1"]
[White "Sobina, Pavel"]
[Black "Yudin, Sergei"]
[Result "0-1"]
[WhiteElo "2250"]
[BlackElo "2522"]
[PlyCount "68"]
[EventDate "2017.06.12"]
[EventType "swiss"]
[EventRounds "9"]
[EventCountry "RUS"]
[SourceTitle "EXT 2018"]
[Source "ChessBase"]
[SourceDate "2017.10.13"]
[SourceVersion "1"]
[SourceVersionDate "2017.10.13"]
[SourceQuality "1"]

1. d4 d5 2. c4 e6 3. Nc3 c6 4. Nf3 dxc4 5. a4 Bb4 6. e4 b5 7. Bd2 Nf6 8. Qc2 Bb7 9. e5 Nd5 10. Ne4 Be7 11. b3 cxb3 12. Qxb3 a6 13. Rc1 Nd7 14. Bd3 h6 15. 0-0 Qb6 16. Rc2 b4 17. Rfc1 a5 18. Be3 Qa7 19. Nfd2 0-0 20. Nd6 Bxd6 21. exd6 e5 22. Nf3 Nxe3 23. fxe3 Rad8 24. Bg6 exd4 25. exd4 Nf6 26. Rxc6 Bxc6 27. Rxc6 Ne8 28. Qd5 Nxd6 29. Rxd6 Rxd6 30. Bxf7+ Rxf7 31. Qxd6 b3 32. Nd2 b2 33. Qd5 Qb7 34. Qa2 Qb4 0-1

[Event "Moscow op-A 13th"]
[Site "Moscow"]
[Date "2017.02.03"]
[Round "7"]
[White "Zakaryan, David"]
[Black "Sobina, Pavel"]
[Result "0-1"]
[WhiteElo "2320"]
[BlackElo "2213"]
[PlyCount "104"]
[EventDate "2017.01.28"]
[EventType "swiss"]
[EventRounds "9"]
[EventCountry "RUS"]
[SourceTitle "EXT 2018"]
[Source "ChessBase"]
[SourceDate "2017.10.13"]
[SourceVersion "1"]
[SourceVersionDate "2017.10.13"]
[SourceQuality "1"]

1. e4 e6 2. d4 d5 3. Nd2 c5 4. exd5 Qxd5 5. Ngf3 cxd4 6. Bc4 Qd6 7. 0-0 Nc6 8. Nb3 a6 9. Nbxd4 Nxd4 10. Nxd4 Qc7 11. Qe2 Bd6 12. g3 Ne7 13. Rd1 e5 14. Nb3 0-0 15. Bg5 b5 16. Bxe7 Bxe7 17. Bd5 Rb8 18. c3 Kh8 19. Qh5 f5 20. Rd2 Bf6 21. Rad1 g6 22. Qh6 Bg7 23. Qe3 f4 24. Qc5 Qb6 25. Be4 Qf6 26. Qd6 Bg4 27. f3 Bh3 28. Qxf6 Bxf6 29. Nc5 a5 30. g4 h5 31. Nd7 hxg4 32. Nxb8 Rxb8 33. Rd6 Kg7 34. Rd7+ Kh6 35. Rf7 Rd8 36. Rxd8 Bxd8 37. Rb7 gxf3 38. Rxb5 Bg4 39. Rb8 Be7 40. b4 axb4 41. cxb4 Kg5 42. Rb7 Bf6 43. Rb6 Bf5 44. Bxf5 Kxf5 45. b5 Bh4 46. Rb8 e4 47. Rh8 Be7 48. Re8 Bc5+ 49. Kf1 e3 50. a4 Bb6 51. Ra8 Ke4 52. a5 Bd4 0-1

[Event "Moscow op-A 13th"]
[Site "Moscow"]
[Date "2017.02.02"]
[Round "6"]
[White "Sobina, Pavel"]
[Black "Novichenko, Alexander"]
[Result "1-0"]
[WhiteElo "2213"]
[BlackElo "2314"]
[PlyCount "97"]
[EventDate "2017.01.28"]
[EventType "swiss"]
[EventRounds "9"]
[EventCountry "RUS"]
[SourceTitle "EXT 2018"]
[Source "ChessBase"]
[SourceDate "2017.10.13"]
[SourceVersion "1"]
[SourceVersionDate "2017.10.13"]
[SourceQuality "1"]

1. d4 Nf6 2. Bg5 d5 3. Bxf6 exf6 4. e3 Bd6 5. Nd2 0-0 6. Ngf3 f5 7. g3 Re8 8. c4 c6 9. Qb3 f4 10. gxf4 Bxf4 11. 0-0-0 Bh6 12. Bd3 Na6 13. Kb1 Qb6 14. Qxb6 axb6 15. a3 Nc7 16. Rhg1 f6 17. Nh4 Bg5 18. Nf5 Bxf5 19. Bxf5 g6 20. Bd3 Kf8 21. Nf3 Bh6 22. h4 dxc4 23. Bxc4 Ra5 24. Rh1 Rh5 25. Be2 Bg7 26. Nd2 Rf5 27. Rh2 Rd5 28. h5 c5 29. Bf3 Rdd8 30. Nb3 f5 31. dxc5 Rxd1+ 32. Bxd1 Rd8 33. Bc2 bxc5 34. Nxc5 Rd5 35. Nd3 g5 36. h6 Bf6 37. Nb4 Re5 38. f4 Rxe3 39. fxg5 Bxg5 40. Bxf5 Re5 41. Bxh7 Re6 42. Rc2 Ne8 43. Rf2+ Rf6 44. Rg2 Bxh6 45. Nd5 Rf1+ 46. Ka2 Nf6 47. Nxf6 Rxf6 48. Rg8+ Ke7 49. Be4 1-0

[Event "Moscow op-A 13th"]
[Site "Moscow"]
[Date "2017.01.28"]
[Round "1"]
[White "Khanin, Semen"]
[Black "Sobina, Pavel"]
[Result "1-0"]
[WhiteElo "2418"]
[BlackElo "2213"]
[PlyCount "42"]
[EventDate "2017.01.28"]
[EventType "swiss"]
[EventRounds "9"]
[EventCountry "RUS"]
[SourceTitle "EXT 2018"]
[Source "ChessBase"]
[SourceDate "2017.10.13"]
[SourceVersion "1"]
[SourceVersionDate "2017.10.13"]
[SourceQuality "1"]

1. e4 e6 2. d4 d5 3. Nc3 Bb4 4. e5 c5 5. a3 Bxc3+ 6. bxc3 Nc6 7. Qg4 Kf8 8. Qd1 Nge7 9. Nf3 Qa5 10. Bd2 Qa4 11. Qb1 c4 12. h4 h5 13. Qd1 f6 14. g3 Bd7 15. Bh3 Ng8 16. 0-0 Re8 17. Re1 Nd8 18. Qb1 Re7 19. Qc1 Nf7 20. Rb1 b5 21. Rf1 Qa5 1-0

[Event "Voronezh op-B 19th"]
[Site "Voronezh"]
[Date "2015.06.13"]
[Round "2"]
[White "Tatarintsev, Egor"]
[Black "Sobina, Pavel"]
[Result "0-1"]
[WhiteElo "1769"]
[BlackElo "1999"]
[PlyCount "94"]
[EventDate "2015.06.12"]
[EventType "swiss"]
[EventRounds "9"]
[EventCountry "RUS"]
[SourceTitle "CBM 167 Extra"]
[Source "ChessBase"]
[SourceDate "2015.09.14"]
[SourceVersion "1"]
[SourceVersionDate "2015.09.14"]
[SourceQuality "1"]

1. d4 Nf6 2. c4 e6 3. Nf3 d5 4. g3 c5 5. dxc5 Bxc5 6. Bg2 Qa5+ 7. Nbd2 Bxf2+ 8. Kxf2 Qc5+ 9. Ke1 Ng4 10. Ne4 dxe4 11. Qd4 Qxd4 12. Nxd4 f5 13. Nb5 Na6 14. h3 Ne5 15. c5 0-0 16. Bf4 Nf7 17. Be3 Bd7 18. Nd6 Nb4 19. Kd2 Nd5 20. Rac1 Nxd6 21. cxd6 e5 22. Rc5 Bc6 23. b4 a6 24. Rf1 Rad8 25. Ra5 b6 26. Rxd5 Bxd5 27. Bxb6 e3+ 28. Ke1 Bxg2 29. Bxd8 Rxd8 30. Rxf5 e4 31. Rd5 Kf7 32. d7 Bxh3 33. Ra5 Rxd7 34. Rxa6 Be6 35. Ra3 Rb7 36. Rxe3 Rxb4 37. a3 Rc4 38. Kd2 Kf6 39. Ke1 Ke5 40. Kf2 Rc2 41. Ke1 h5 42. Kd1 Rc4 43. Ke1 g5 44. Kf2 Rc2 45. Kg2 g4 46. Kf2 Kd4 47. a4 Ra2 0-1

[Event "Voronezh op-B 18th"]
[Site "Voronezh"]
[Date "2014.06.14"]
[Round "3"]
[White "Golyshkina, Marina"]
[Black "Sobina, Pavel"]
[Result "0-1"]
[WhiteElo "1706"]
[BlackElo "1977"]
[PlyCount "74"]
[EventDate "2014.06.12"]
[EventType "swiss"]
[EventRounds "9"]
[EventCountry "RUS"]
[SourceTitle "EXT 2015"]
[Source "ChessBase"]
[SourceDate "2014.11.20"]
[SourceVersion "1"]
[SourceVersionDate "2014.11.20"]
[SourceQuality "1"]

1. d4 Nf6 2. c4 g6 3. Nc3 Bg7 4. e4 d6 5. Nf3 0-0 6. Be2 e5 7. dxe5 dxe5 8. Qxd8 Rxd8 9. Bg5 Nbd7 10. 0-0-0 Rf8 11. Rd2 c6 12. Rhd1 Nc5 13. Bd3 Bg4 14. Bc2 Ne6 15. Be3 Nh5 16. h3 Bxf3 17. gxf3 Nd4 18. Bxd4 exd4 19. Ne2 Bh6 20. f4 Nxf4 21. Kb1 Nxh3 22. Rxd4 Nxf2 23. Rf1 Ng4 24. Rd7 Ne5 25. Rxb7 Nxc4 26. Rd1 Rab8 27. Rdd7 Rxb7 28. Rxb7 Be3 29. Rc7 Rb8 30. b3 Ne5 31. Re7 f6 32. Re6 Kf7 33. Rd6 Ke7 34. Rd1 h5 35. Nc3 Rd8 36. Rf1 h4 37. Rh1 g5 0-1

[Event "Voronezh op-B 18th"]
[Site "Voronezh"]
[Date "2014.06.12"]
[Round "1"]
[White "Sobina, Pavel"]
[Black "Pavlov, Alexandr"]
[Result "1-0"]
[WhiteElo "1977"]
[BlackElo "1485"]
[PlyCount "71"]
[EventDate "2014.06.12"]
[EventType "swiss"]
[EventRounds "9"]
[EventCountry "RUS"]
[SourceTitle "EXT 2015"]
[Source "ChessBase"]
[SourceDate "2014.11.20"]
[SourceVersion "1"]
[SourceVersionDate "2014.11.20"]
[SourceQuality "1"]

1. e4 c5 2. f4 d6 3. Nf3 Nf6 4. Nc3 Nc6 5. Bb5 Bd7 6. 0-0 a6 7. Bxc6 Bxc6 8. d3 e6 9. h3 Be7 10. Be3 0-0 11. g4 d5 12. e5 Nd7 13. d4 b5 14. f5 exf5 15. gxf5 f6 16. e6 Nb6 17. b3 c4 18. Nh4 Bd6 19. Qg4 Qc7 20. Ne2 Be8 21. Kh1 a5 22. Rg1 Kh8 23. Ng6+ Bxg6 24. fxg6 h6 25. Bxh6 Kg8 26. Bf4 Rfe8 27. Bxd6 Qxd6 28. Nf4 Kf8 29. Rae1 Ke7 30. Nh5 Rg8 31. Ng3 Qb4 32. Nf5+ Ke8 33. e7 Ra7 34. Qe2 Nc8 35. Qe6 Nxe7 36. Qxg8+ 1-0